00507nam a22001577a 450000500170000001000150001702000260003203500140005803700130007208200120008510000180009724500810011526000450019627000880024130000200032920200207111637.0 aENG-127670 a9789388322379c399.00 aEN-111202 bDBAD/PUB a650.092 aLall,Pavan C. aFlawed:bby Pavan C. LallcThe Rise and of India's Diamond Mogul Nirav Modi/ aGurugrambHachette Book Publishingc2019 bMumbaia4th / 5th Floors, Corporate Centre, Plot No.94, Sector-44, Gurugrame122003 a201p.b20cm(hb)